Consideration of a New Liquidity Instrument for Market Access Countries.

The objective of this paper is to consider key issues in the design of a new liquidity instrument for market access countries. It reviews the motivations and challenges of creating such an instrument and lays out options and issues related to four key design elements. Recognizing the need to conside...

Szczegółowa specyfikacja

Opis bibliograficzny
Korporacja: International Monetary Fund
Format: Czasopismo
Język:English
Wydane: Washington, D.C. : International Monetary Fund, 2006.
Seria:Policy Papers; Policy Paper ; No. 2006/016
Dostęp online:Full text available on IMF
LEADER 01537cas a2200241 a 4500
001 AALejournalIMF019612
008 230101c9999 xx r poo 0 0eng d
020 |c 5.00 USD 
020 |z 9781498332385 
022 |a 2663-3493 
040 |a BD-DhAAL  |c BD-DhAAL 
110 2 |a International Monetary Fund. 
245 1 0 |a Consideration of a New Liquidity Instrument for Market Access Countries. 
264 1 |a Washington, D.C. :  |b International Monetary Fund,  |c 2006. 
300 |a 1 online resource (20 pages) 
490 1 |a Policy Papers 
500 |a <strong>Off-Campus Access:</strong> No User ID or Password Required 
500 |a <strong>On-Campus Access:</strong> No User ID or Password Required 
506 |a Electronic access restricted to authorized BRAC University faculty, staff and students 
520 3 |a The objective of this paper is to consider key issues in the design of a new liquidity instrument for market access countries. It reviews the motivations and challenges of creating such an instrument and lays out options and issues related to four key design elements. Recognizing the need to consider the relationship between these elements, the paper sets out an example of how they might be combined in a lending instrument - called here the Reserve Augmentation Line, or RAL. It also discusses risks. 
538 |a Mode of access: Internet 
830 0 |a Policy Papers; Policy Paper ;  |v No. 2006/016 
856 4 0 |z Full text available on IMF  |u http://elibrary.imf.org/view/journals/007/2006/016/007.2006.issue-016-en.xml  |z IMF e-Library